000 00578nam a2200241 a 4500
999 _c5925
_d5925
001 5925
003 BD-JhCC
005 20171230190537.0
008 171230s19751976e a|||| || | 000 0 eng d
020 _a0582538211
035 _a(BD-JhCC)5925
040 _aBD-JhCC
_dBD-JhCC
041 _aeng
082 _a616
_bDEN 1976
100 _aDent, John
245 _aWhat's Happening in medicine /
_c John Dent,
250 _a2nd ed.
260 _aLondon :
_bLongman,
_c1976.
300 _a101 p. :
_bill. ;
_c18 cm.
650 _aMedicine
942 _2ddc
_cBK